|
|
|
|
| LEADER |
00000nam0a2200000 4500 |
| 001 |
317051 |
| 005 |
20231102002933.0 |
| 020 |
|
|
|a RU
|b 82-52616
|
| 035 |
|
|
|a (RuTPU)RU\TPU\book\342519
|
| 090 |
|
|
|a 317051
|
| 100 |
|
|
|a 20160404d1982 km y0rusy5003 ca
|
| 101 |
0 |
|
|a rus
|
| 102 |
|
|
|a RU
|
| 105 |
|
|
|a a z 001zy
|
| 200 |
1 |
|
|a Исполнительные механизмы захватывающих устройств
|f Ю. П. Боренштейн
|
| 210 |
|
|
|a Ленинград
|c Машиностроение
|d 1982
|
| 215 |
|
|
|a 232 с.
|c ил.
|
| 320 |
|
|
|a Библиогр.: с. 230
|
| 606 |
1 |
|
|a Грузозахватные приспособления
|2 stltpush
|3 (RuTPU)RU\TPU\subj\8686
|9 36044
|
| 610 |
1 |
|
|a исполнительные механизмы
|
| 610 |
1 |
|
|a грузоподъемные механизмы
|
| 610 |
1 |
|
|a сельскохозяйственные механизмы
|
| 610 |
1 |
|
|a роботы
|
| 610 |
1 |
|
|a манипуляторы
|
| 610 |
1 |
|
|a ЭВМ
|
| 610 |
1 |
|
|a использование
|
| 610 |
1 |
|
|a таблицы
|
| 675 |
|
|
|a 621.86.06
|z rus
|v 3
|
| 700 |
|
1 |
|a Боренштейн
|b Ю. П.
|g Юлий Павлович
|4 070
|
| 801 |
|
0 |
|a RU
|b RuMRKP
|c 19950704
|g psbo
|
| 801 |
|
1 |
|a RU
|b 63413507
|c 20160404
|
| 801 |
|
2 |
|a RU
|b 63413507
|c 20191220
|g RCR
|
| 942 |
|
|
|c BK
|